<?xml version="1.0" encoding="UTF-8"?>
<record
    xmlns:xsi="http://www.w3.org/2001/XMLSchema-instance"
    xsi:schemaLocation="http://www.loc.gov/MARC21/slim http://www.loc.gov/standards/marcxml/schema/MARC21slim.xsd"
    xmlns="http://www.loc.gov/MARC21/slim">

  <leader>06361nam a2200457 a 4500</leader>
  <controlfield tag="001">ebr10196162</controlfield>
  <controlfield tag="003">CaPaEBR</controlfield>
  <controlfield tag="006">m        u        </controlfield>
  <controlfield tag="007">cr cn|||||||||</controlfield>
  <controlfield tag="008">060928s2007    nyua    s     001 0 eng  </controlfield>
  <datafield tag="010" ind1=" " ind2=" ">
    <subfield code="z">  2006031977</subfield>
  </datafield>
  <datafield tag="015" ind1=" " ind2=" ">
    <subfield code="a">GBA698678</subfield>
    <subfield code="2">bnb</subfield>
  </datafield>
  <datafield tag="016" ind1="7" ind2=" ">
    <subfield code="z">013607940</subfield>
    <subfield code="2">Uk</subfield>
  </datafield>
  <datafield tag="020" ind1=" " ind2=" ">
    <subfield code="z">0814474020</subfield>
  </datafield>
  <datafield tag="020" ind1=" " ind2=" ">
    <subfield code="z">9780814474020</subfield>
  </datafield>
  <datafield tag="040" ind1=" " ind2=" ">
    <subfield code="a">CaPaEBR</subfield>
    <subfield code="c">CaPaEBR</subfield>
  </datafield>
  <datafield tag="035" ind1=" " ind2=" ">
    <subfield code="a">(OCoLC)123414915</subfield>
  </datafield>
  <datafield tag="050" ind1="1" ind2="4">
    <subfield code="a">HF5381</subfield>
    <subfield code="b">.B143 2007eb</subfield>
  </datafield>
  <datafield tag="082" ind1="0" ind2="4">
    <subfield code="a">650.1/3</subfield>
    <subfield code="2">22</subfield>
  </datafield>
  <datafield tag="100" ind1="1" ind2=" ">
    <subfield code="a">Baber, Anne,</subfield>
    <subfield code="d">1938-</subfield>
  </datafield>
  <datafield tag="245" ind1="1" ind2="0">
    <subfield code="a">Make your contacts count</subfield>
    <subfield code="h">[electronic resource] :</subfield>
    <subfield code="b">networking know-how for business and career success /</subfield>
    <subfield code="c">Anne Baber, Lynne Waymon.</subfield>
  </datafield>
  <datafield tag="250" ind1=" " ind2=" ">
    <subfield code="a">2nd ed.</subfield>
  </datafield>
  <datafield tag="260" ind1=" " ind2=" ">
    <subfield code="a">New York :</subfield>
    <subfield code="b">AMACOM,</subfield>
    <subfield code="c">c2007.</subfield>
  </datafield>
  <datafield tag="300" ind1=" " ind2=" ">
    <subfield code="a">xvi, 255 p. :</subfield>
    <subfield code="b">ill.</subfield>
  </datafield>
  <datafield tag="500" ind1=" " ind2=" ">
    <subfield code="a">Includes index.</subfield>
  </datafield>
  <datafield tag="505" ind1="0" ind2=" ">
    <subfield code="a">Preface. Get ready for state-of-the-art networking -- The time is right -- Are you ready? -- The contacts count networking system -- pt. I. Survey your skills and mindset -- 1. Assess your skills -- Instructions -- Observing the "netiquette" -- Assessing your comfort level -- Being strategic -- Meeting people -- Using networking organizations -- Making the most of events -- Achieving bottom-line results -- Following through -- Check your results -- Next steps -- 2. Change your mindset -- Come in from the cold -- The ten  biggest misconceptions about networking -- Ten turnoffs in the language of networking -- You say you're shy? -- Catch your critic -- Convert your critic into your coach -- Believe the best about yourself and others -- Bonus : know your style --</subfield>
  </datafield>
  <datafield tag="505" ind1="0" ind2=" ">
    <subfield code="a">pt. II. Set your strategy -- 3. Teach trust -- Move from taking to trusting -- Teach that you can be trusted -- The trust matrix -- Avoid manipulation -- 4. Develop your relationships -- Move through the six stages -- The next move is up to you -- Rate your relationships -- Have questions about the A's? -- 5. Go with your goals -- Size your project to match your goal -- Check out your choices -- Assess your network -- Plan your strategic positioning project -- Bonus : get off to a good start --</subfield>
  </datafield>
  <datafield tag="505" ind1="0" ind2=" ">
    <subfield code="a">pt. III. Sharpen your skills -- 6. Know the "netiquette" -- Enter enthusiastically -- Brighten up your body language -- ENGAGE your partner -- Tune up your tone of voice -- Consider closeness -- Watch what you put in your mouth -- Treat touching as taboo -- Forego flirting -- Pay your way -- Exchange business cards effectively -- Join groups comfortably -- Bonus : ten tips on the nuances of "netiquette" -- 7. Avoid the top twenty turn-offs -- 8. "Who are you?" -- Why remembering names is hard -- Learn someone's name -- Teach your name -- Try these twenty tips -- Break up bunches of introductions -- Deal skillfully with forgotten names -- Give yourself a tagline -- Yes, mind your manners -- The introduction rule : FIRST IS FOREMOST -- 9. "What do you do?" -- Why most answers bomb -- Make the right things happen -- Give it your BEST -- Be interesting -- Try these tips -- Read these frequently asked questions -- 10. "What are we going to talk about?" -- Listen for your cue -- Use success stories to tell what's new -- Figure out your agenda -- Begin with the right side -- What do you have to give? -- What do you want to get? -- Give and get with ease -- Practice agenda-making -- Go Public with your agenda -- Exchange something -- 11. Make conversation flow -- Listen generously -- Use your EARS -- How listening generously pays off -- Be seriously curious -- Tell success stories -- Construct your story carefully -- Sample these stories -- People want to know... -- 12. End with the future in mind -- Prepare for the next time -- Listen for the bell -- Eight ways to leave -- A ritual for leave-taking -- Do you have questions? -- 13. Follow through -- Focus on follow through -- Figure out your reasons to reconnect -- Face your fears -- Fill in the blanks on your calendar -- The five goals of follow through -- Freshen up your relationships -- Find the way -- Bonus : five more ingenious ways to fit in follow through --</subfield>
  </datafield>
  <datafield tag="505" ind1="0" ind2=" ">
    <subfield code="a">pt. IV. Select your settings -- 14. Network at work -- Got the right word? -- Bank on the benefits -- Ten ways to get on board quickly -- Assess your corporate culture -- How strong is your inside network? -- Map out a plan -- Pair up with peers -- Avoid erroneous assumptions -- Overcome the barriers -- Bonus : after organizational earthquakes, rebuild your network -- 15. Make it rain clients -- What people think -- Professionalize your practice development -- Make conversations count -- What's one conversation worth? -- Create constellations -- Cross-sell your clients -- Make asking for referrals a ritual -- 16. (Net)work from home -- Tune in to the trends -- Conquer the challenges -- Link up your life and your livelihood -- Bonus : create a constellation -- 17. Make the most of your memberships -- Size your network to fit your needs  -- Link up one-on-one -- Access anybody -- Join groups -- Choose groups strategically -- Understand the hierarchy -- Know the group before you join -- Orchestrate who knows you -- The twelve biggest mistakes members make -- Jump right in -- 18. Rev up referral groups -- See how they run -- Shop around -- Check it out -- Don't just join, join in -- Start small -- Spice up the meetings -- Start your own -- 19. Connect at conventions -- Expand your expectations -- Get ready, get set : before you go -- Show up at the conference -- Follow up after you get home -- Later on, get re-inspired -- Bonus : plan meetings that get people talking -- 20. Jump-start your job hunt -- Use the contacts count networking system -- Twenty-five tactics to find a job fast -- Bonus : manage your strategy support group.</subfield>
  </datafield>
  <datafield tag="533" ind1=" " ind2=" ">
    <subfield code="a">Electronic reproduction.</subfield>
    <subfield code="b">Palo Alto, Calif. :</subfield>
    <subfield code="c">ebrary,</subfield>
    <subfield code="d">2013.</subfield>
    <subfield code="n">Available via World Wide Web.</subfield>
    <subfield code="n">Access may be limited to ebrary affiliated libraries.</subfield>
  </datafield>
  <datafield tag="650" ind1=" " ind2="0">
    <subfield code="a">Career development.</subfield>
  </datafield>
  <datafield tag="650" ind1=" " ind2="0">
    <subfield code="a">Business networks.</subfield>
  </datafield>
  <datafield tag="650" ind1=" " ind2="0">
    <subfield code="a">Social networks.</subfield>
  </datafield>
  <datafield tag="650" ind1=" " ind2="0">
    <subfield code="a">Interpersonal relations.</subfield>
  </datafield>
  <datafield tag="650" ind1=" " ind2="0">
    <subfield code="a">Business etiquette.</subfield>
  </datafield>
  <datafield tag="650" ind1=" " ind2="0">
    <subfield code="a">Success in business.</subfield>
  </datafield>
  <datafield tag="655" ind1=" " ind2="7">
    <subfield code="a">Electronic books.</subfield>
    <subfield code="2">local</subfield>
  </datafield>
  <datafield tag="700" ind1="1" ind2=" ">
    <subfield code="a">Waymon, Lynne.</subfield>
  </datafield>
  <datafield tag="710" ind1="2" ind2=" ">
    <subfield code="a">ebrary, Inc.</subfield>
  </datafield>
  <datafield tag="856" ind1="4" ind2="0">
    <subfield code="u">http://site.ebrary.com/lib/rucke/Doc?id=10196162</subfield>
    <subfield code="z">An electronic book accessible through the World Wide Web; click to view</subfield>
  </datafield>
  <datafield tag="999" ind1=" " ind2=" ">
    <subfield code="c">115978</subfield>
    <subfield code="d">115978</subfield>
  </datafield>
</record>
